000 00219nam a22000977a 4500
008 170126b xxu||||| |||| 00| 0 eng d
041 _aeng
080 _215TH
_a61
245 _aTHE MERCK MANUAL
_cBERKOW, R
942 _2udc
_cBK
999 _c3731
_d3731